Turbulent Flows

Salvato in:
Dettagli Bibliografici
Autore principale: Pope, Stephen B. (Autore)
Natura: Libro
Lingua:inglese
Pubblicazione: Cambridge : Cambridge University Press, 2001
Tags: Aggiungi Tag
Nessun Tag, puoi essere il primo ad aggiungerne!!

MARC

LEADER 00000nam a22000003a 4500
001 stu76259
005 20150617225646.3
008 020625s2001----uk------------------eng-d
020 |a 0-521-59886-9 
040 |a STU  |b slo 
041 0 |a eng 
044 |a uk 
080 |a 532.5  |7 stu_us_auth*stu7227 
100 1 |a Pope, Stephen B.  |4 aut 
245 1 |a Turbulent Flows 
260 |a Cambridge :  |b Cambridge University Press,  |c 2001 
300 |a 771 s. Grafy,lit.,index 
996 |b C96844  |c C*96844  |l CCXVIII  |s P  |a 0  |w stu76259_0001